Miracle-working icon of Our Lady of Kazan (Запись № 9793600)

Подробности
000 -МАРКЕР
контрольное поле 01584nam0a2200385 4500
001 - ИДЕНТИФИКАТОР ЗАПИСИ
контрольное поле RU\NLR\b_ik\205158
005 - ИДЕНТИФИКАТОР ВЕРСИИ
контрольное поле 20250613195144.0
010 ## - МЕЖДУНАРОДНЫЙ СТАНДАРТНЫЙ НОМЕР КНИГИ (ISBN)
Номер (ISBN) 978-5-93962-508-1
Тираж 3000
021 ## - НОМЕР ГОСУДАРСТВЕННОЙ РЕГИСТРАЦИИ
Код страны российская федерация
Номер 2013-73126
Номер Листа государственной регистраци 5014
035 ## - ДРУГИЕ СИСТЕМНЫЕ НОМЕРА
Идентификатор записи (NLR Aleph) 010000926
100 ## - ДАННЫЕ ОБЩЕЙ ОБРАБОТКИ
Данные общей обработки 20131014d2013 |||y0rusy50 ca
101 0# - ЯЗЫК РЕСУРСА
Язык текста, звукозаписи и т.д. английский
102 ## - СТРАНА ПУБЛИКАЦИИ ИЛИ ПРОИЗВОДСТВА
Страна публикации российская федерация
105 ## - ПОЛЕ КОДИРОВАННЫХ ДАННЫХ: ТЕКСТОВЫЕ МАТЕРИАЛЫ, МОНОГРАФИЧЕСКИЕ
Кодированные данные о монографическом текстовом документе ac|||||||||
200 9# - ЗАГЛАВИЕ И СВЕДЕНИЯ ОБ ОТВЕТСТВЕННОСТИ
Основное заглавие Miracle-working icon of Our Lady of Kazan
Сведения, относящиеся к заглавию fervent intercessor for the Christian people
Первые сведения об ответственности [auth.: Anatoly Mikhailovich Yeldashev, Yevgeny Vasilievich Lipakov, Dmitry Iosifovich Khafizov]
205 ## - СВЕДЕНИЯ ОБ ИЗДАНИИ
Сведения об издании [Abr. ed.]
210 ## - ПУБЛИКАЦИЯ, РАСПРОСТРАНЕНИЕ И ДР.
Место издания, распространения и т.д. Kazan
Имя издателя, распространителя и т. д. Centre for innovation technologies
Дата издания, распространения и т.д. 2013
215 ## - ФИЗИЧЕСКАЯ ХАРАКТЕРИСТИКА
Специфическое обозначение материала и объем 245, [2] c
Другие сведения о физической характеристике ил., цв. ил., портр.
Размеры 32
300 ## - ОБЩИЕ ПРИМЕЧАНИЯ
Текст примечания Авт. указаны в вып. дан
541 1# - ПЕРЕВОД ЗАГЛАВИЯ, СДЕЛАННЫЙ КАТАЛОГИЗАТОРОМ
Заглавие Чудотворная икона Казанской Божьей Матери
Сведения, относящиеся к заглавию Заступница христиан
605 ## - ЗАГЛАВИЕ КАК ПРЕДМЕТ
Начальный элемент ввода Икона Божией Матери Казанская
Системный номер авторитетной/нормативной записи 2392920
Идентификатор авторитетной/нормативной записи RU\NLR\AUTH\661426882
686 2# - ИНДЕКСЫ ДРУГИХ КЛАССИФИКАЦИЙ
Индекс Э372.24-575.114
700 #1 - ИМЯ ЛИЦА - ПЕРВИЧНАЯ ОТВЕТСТВЕННОСТЬ
Связь между полями z45790
Начальный элемент ввода Eldašev
Часть имени, кроме начального элемента ввода A.M.
Расширение инициалов личного имени Anatolij Michajlovič
701 #1 - ИМЯ ЛИЦА - АЛЬТЕРНАТИВНАЯ ОТВЕТСТВЕННОСТЬ
Начальный элемент ввода Lipakov
Часть имени, кроме начального элемента ввода E.V.
Расширение инициалов личного имени Evgenij Vasil'evič
701 #1 - ИМЯ ЛИЦА - АЛЬТЕРНАТИВНАЯ ОТВЕТСТВЕННОСТЬ
Связь между полями z54790
Начальный элемент ввода Chafizov
Часть имени, кроме начального элемента ввода D.I.
Расширение инициалов личного имени Dmitrij Iosifovič
790 #1 - ИМЯ ЛИЦА - АЛЬТЕРНАТИВНАЯ ФОРМА
Связь между полями z45700
Начальный элемент ввода Yeldashev
Часть имени, кроме начального элемента ввода A.M.
Расширение инициалов личного имени Anatoly Mikhailovich
790 #1 - ИМЯ ЛИЦА - АЛЬТЕРНАТИВНАЯ ФОРМА
Связь между полями z54701
Начальный элемент ввода Khafizov
Часть имени, кроме начального элемента ввода D.I.
Расширение инициалов личного имени Dmitry Iosifovich
801 #0 - ИСТОЧНИК ЗАПИСИ
Страна российская федерация
Организация NLR
Дата составления 20131014
Правила каталогизации RCR
801 #1 - ИСТОЧНИК ЗАПИСИ
Страна российская федерация
Организация NLR
Дата составления 20131014
942 ## - ДОПОЛНИТЕЛЬНЫЕ ЭЛЕМЕНТЫ ЗАПИСИ (АБИС)
Тип экземпляра АБИС Книга
980 ## - КОЛЛЕКЦИЯ
Название коллекции Национальная библиография
Экземпляры
Тип экземпляра Дата поступления Источник поступления Библиотека постоянного хранения Библиотека текущего хранения Место хранения Шифр хранения Штрих-код Статус не для выдачи
Книга 14.10.2013 Обязательный экземпляр РНБ (Московский) РНБ (Московский) Иностранный книжный фонд Ик 2013-9/28 1-112060